[Event "Open"]
[Site "Katowice"]
[Date "2025.06.01"]
[Round "6.24"]
[White "Kuzmicz, Krystian"]
[Black "Moczulski, Michal"]
[Result "1-0"]
[BlackElo "1987"]
[WhiteElo "2357"]
[LiveChessVersion "1.4.4"]

1. d4 {[%clk 0:10:02]} Nf6 {[%clk 0:10:03]} 2. c4 {[%clk 0:10:03]} e6
{[%clk 0:10:04]} 3. Nc3 {[%clk 0:10:04]} Bb4 {[%clk 0:10:05]} 4. Nf3
{[%clk 0:10:05]} b6 {[%clk 0:10:06]} 5. g3 {[%clk 0:10:03]} Bb7 {[%clk 0:10:07]}
6. Bg2 {[%clk 0:10:04]} Bxc3+ {[%clk 0:09:40]} 7. bxc3 {[%clk 0:10:05]} Ne4
{[%clk 0:09:35]} 8. Qc2 {[%clk 0:09:43]} d5 {[%clk 0:09:34]} 9. cxd5
{[%clk 0:09:42]} exd5 {[%clk 0:09:28]} 10. Ba3 {[%clk 0:09:32]} c5
{[%clk 0:09:18]} 11. O-O {[%clk 0:09:15]} O-O {[%clk 0:09:12]} 12. Ne5
{[%clk 0:09:07]} Nd7 {[%clk 0:08:48]} 13. Nxd7 {[%clk 0:08:44]} Qxd7
{[%clk 0:08:48]} 14. f3 {[%clk 0:08:14]} Nd6 {[%clk 0:08:45]} 15. dxc5
{[%clk 0:08:09]} bxc5 {[%clk 0:08:45]} 16. Bxc5 {[%clk 0:08:00]} Rfc8
{[%clk 0:08:33]} 17. Be3 {[%clk 0:06:31]} Nf5 {[%clk 0:08:22]} 18. Bf2
{[%clk 0:06:25]} Ne7 {[%clk 0:07:43]} 19. Rfd1 {[%clk 0:06:07]} Qe6
{[%clk 0:07:33]} 20. Qd2 {[%clk 0:05:25]} Ba6 {[%clk 0:07:20]} 21. Bf1
{[%clk 0:05:20]} Rc7 {[%clk 0:07:10]} 22. e3 {[%clk 0:04:58]} Rac8
{[%clk 0:07:11]} 23. Rac1 {[%clk 0:04:57]} Bxf1 {[%clk 0:06:40]} 24. Kxf1
{[%clk 0:04:57]} Qf6 {[%clk 0:06:39]} 25. Kg2 {[%clk 0:04:27]} Rxc3
{[%clk 0:06:35]} 26. Rxc3 {[%clk 0:04:22]} Qxc3 {[%clk 0:05:52]} 27. Qxc3 Rxc3
28. Rb1 {[%clk 0:04:24]} Nc6 {[%clk 0:05:12]} 29. Rb5 {[%clk 0:04:11]} g6
{[%clk 0:04:27]} 30. Rxd5 {[%clk 0:04:09]} Rc2 {[%clk 0:04:18]} 31. a4
{[%clk 0:03:59]} Nb4 {[%clk 0:04:12]} 32. Rd4 {[%clk 0:03:47]} Nc6
{[%clk 0:03:55]} 33. Rd5 {[%clk 0:03:26]} Nb4 {[%clk 0:03:55]} 34. Rd4
{[%clk 0:03:22]} Nc6 {[%clk 0:03:56]} 35. Rd6 {[%clk 0:03:17]} Kf8 36. f4
{[%clk 0:02:59]} Ke7 {[%clk 0:03:40]} 37. Rd5 {[%clk 0:02:53]} Ke6
{[%clk 0:03:31]} 38. Rb5 {[%clk 0:02:36]} Ra2 {[%clk 0:03:26]} 39. Kf3
{[%clk 0:02:21]} Rxa4 40. Rb7 {[%clk 0:02:22]} a5 {[%clk 0:02:53]} 41. Rc7
{[%clk 0:02:11]} Rc4 {[%clk 0:02:53]} 42. Rb7 {[%clk 0:01:57]} a4
{[%clk 0:02:33]} 43. e4 {[%clk 0:01:58]} Rc3+ {[%clk 0:02:15]} 44. Ke2
{[%clk 0:01:56]} a3 {[%clk 0:02:12]} 45. Rb6 {[%clk 0:01:54]} Rc2+
{[%clk 0:02:05]} 46. Kd3 {[%clk 0:01:18]} Rxf2 {[%clk 0:01:50]} 47. Rxc6+
{[%clk 0:01:19]} Kd7 48. Ra6 {[%clk 0:01:19]} a2 {[%clk 0:01:52]} 49. h4
{[%clk 0:01:12]} h5 {[%clk 0:01:41]} 50. Ke3 {[%clk 0:01:07]} Rb2
{[%clk 0:01:39]} 51. f5 {[%clk 0:01:06]} gxf5 {[%clk 0:01:22]} 52. exf5
{[%clk 0:01:07]} Kc7 {[%clk 0:01:18]} 53. f6 {[%clk 0:01:00]} Kb7
{[%clk 0:01:17]} 54. Ra4 {[%clk 0:00:56]} Kb6 {[%clk 0:01:12]} 55. Kf4
{[%clk 0:00:56]} Kb5 {[%clk 0:01:13]} 56. Ra8 {[%clk 0:00:50]} Kb4
{[%clk 0:01:07]} 57. Kg5 {[%clk 0:00:51]} Kc3 {[%clk 0:01:07]} 58. Kxh5
{[%clk 0:00:48]} Kc2 {[%clk 0:01:06]} 59. Kh6 {[%clk 0:00:42]} Kb1
{[%clk 0:01:03]} 60. Kg7 {[%clk 0:00:40]} Rb7 {[%clk 0:01:03]} 61. h5
{[%clk 0:00:39]} Kb2 {[%clk 0:00:31]} 62. h6 {[%clk 0:00:38]} Rb3
{[%clk 0:00:30]} 63. h7 {[%clk 0:00:15]} Rxg3+ {[%clk 0:00:31]} 64. Kxf7
{[%clk 0:00:16]} a1=Q 65. Rxa1 {[%clk 0:00:16]} Kxa1 {[%clk 0:00:15]} 66. h8=Q
{[%clk 0:00:16]} 1-0

[Event "Open"]
[Site "Katowice"]
[Date "2025.06.01"]
[Round "6.25"]
[White "Budzisz, Adrian"]
[Black "Mastrovasilis, Dimitrios"]
[Result "0-1"]
[BlackElo "2517"]
[WhiteElo "2106"]
[LiveChessVersion "1.4.4"]

1. e4 {[%clk 0:10:03]} c6 {[%clk 0:10:03]} 2. Bc4 {[%clk 0:10:02]} d5
{[%clk 0:10:04]} 3. exd5 {[%clk 0:10:03]} cxd5 {[%clk 0:10:04]} 4. Bb3
{[%clk 0:10:03]} Nc6 {[%clk 0:10:05]} 5. Nf3 {[%clk 0:10:02]} Nf6
{[%clk 0:10:05]} 6. d4 {[%clk 0:10:00]} Bg4 {[%clk 0:10:05]} 7. c3
{[%clk 0:09:51]} e6 {[%clk 0:10:06]} 8. Bg5 {[%clk 0:09:46]} Be7 {[%clk 0:10:04]}
9. Nbd2 {[%clk 0:09:44]} O-O {[%clk 0:10:03]} 10. Bc2 {[%clk 0:09:34]} h6
{[%clk 0:10:03]} 11. Bxf6 {[%clk 0:09:34]} Bxf6 {[%clk 0:10:04]} 12. h3
{[%clk 0:09:33]} Bh5 {[%clk 0:10:03]} 13. Bd3 {[%clk 0:09:25]} a6
{[%clk 0:10:03]} 14. Be2 {[%clk 0:09:26]} b5 {[%clk 0:10:03]} 15. O-O
{[%clk 0:09:22]} Rb8 {[%clk 0:10:03]} 16. a3 {[%clk 0:09:22]} a5 {[%clk 0:10:04]}
17. Nb3 {[%clk 0:09:17]} b4 {[%clk 0:09:59]} 18. axb4 {[%clk 0:09:17]} axb4
{[%clk 0:10:00]} 19. Nc5 {[%clk 0:09:11]} bxc3 {[%clk 0:09:56]} 20. bxc3
{[%clk 0:09:12]} Be7 {[%clk 0:09:47]} 21. Nd3 {[%clk 0:09:11]} Qc7
{[%clk 0:09:35]} 22. Nfe5 {[%clk 0:08:52]} Bxe2 {[%clk 0:09:29]} 23. Qxe2
{[%clk 0:08:53]} Na5 {[%clk 0:09:23]} 24. Rfb1 {[%clk 0:08:43]} Rxb1+
{[%clk 0:09:16]} 25. Rxb1 {[%clk 0:08:43]} Qxc3 {[%clk 0:09:12]} 26. Rc1
{[%clk 0:08:25]} Qxd4 {[%clk 0:09:09]} 27. Qf3 {[%clk 0:08:12]} Nc4
{[%clk 0:08:44]} 28. Nxc4 {[%clk 0:07:56]} dxc4 {[%clk 0:08:44]} 29. Ne1
{[%clk 0:07:51]} Rc8 {[%clk 0:08:38]} 30. Qb7 {[%clk 0:07:13]} Qd8
{[%clk 0:08:08]} 31. Nf3 {[%clk 0:07:10]} Bf6 {[%clk 0:07:59]} 32. g3
{[%clk 0:06:55]} Rc7 {[%clk 0:07:48]} 33. Qe4 {[%clk 0:06:40]} Qd5
{[%clk 0:07:45]} 34. Qe2 {[%clk 0:06:40]} c3 {[%clk 0:07:43]} 35. h4
{[%clk 0:06:12]} e5 {[%clk 0:07:42]} 36. Ne1 {[%clk 0:05:58]} e4 {[%clk 0:07:35]}
37. Rd1 {[%clk 0:05:25]} Qc4 {[%clk 0:06:56]} 38. Qc2 {[%clk 0:03:39]} Bd4
{[%clk 0:06:38]} 39. Kg2 {[%clk 0:03:30]} f5 {[%clk 0:06:32]} 40. g4
{[%clk 0:03:21]} g6 {[%clk 0:06:06]} 41. Ra1 {[%clk 0:03:22]} Rb7
{[%clk 0:06:02]} 42. gxf5 {[%clk 0:03:07]} gxf5 {[%clk 0:05:59]} 43. Ra8+
{[%clk 0:02:57]} Kh7 {[%clk 0:05:50]} 44. Ra4 {[%clk 0:02:53]} Qd5
{[%clk 0:05:41]} 45. Ra6 {[%clk 0:02:35]} Rb2 {[%clk 0:05:20]} 46. Qc1
{[%clk 0:02:36]} Rxf2+ {[%clk 0:05:19]} 47. Kh3 {[%clk 0:02:31]} f4
{[%clk 0:05:12]} 48. Ng2 {[%clk 0:01:30]} Qf5+ {[%clk 0:04:50]} 49. Kh2
{[%clk 0:01:20]} Qg4 {[%clk 0:10:02]} 0-1

[Event "Open"]
[Site "Katowice"]
[Date "2025.06.01"]
[Round "6.26"]
[White "Kasperek, Ryszard"]
[Black "Gierulski, Kamil"]
[Result "0-1"]
[BlackElo "2260"]
[WhiteElo "2102"]
[LiveChessVersion "1.4.4"]

1. d4 {[%clk 0:10:03]} Nf6 {[%clk 0:10:03]} 2. c4 {[%clk 0:10:02]} g6
{[%clk 0:10:03]} 3. Nc3 {[%clk 0:10:02]} Bg7 {[%clk 0:10:04]} 4. e4
{[%clk 0:10:04]} d6 {[%clk 0:10:05]} 5. f3 {[%clk 0:10:05]} O-O {[%clk 0:10:04]}
6. Be3 {[%clk 0:10:05]} Nc6 {[%clk 0:10:05]} 7. Qd2 {[%clk 0:10:06]} a6
{[%clk 0:10:05]} 8. O-O-O {[%clk 0:10:06]} Rb8 {[%clk 0:09:27]} 9. h4
{[%clk 0:10:00]} e5 {[%clk 0:09:13]} 10. d5 {[%clk 0:09:53]} Nd4 {[%clk 0:08:57]}
11. Bxd4 {[%clk 0:09:09]} exd4 {[%clk 0:08:57]} 12. Qxd4 {[%clk 0:09:07]} Bd7
{[%clk 0:08:05]} 13. a4 {[%clk 0:08:35]} Re8 {[%clk 0:07:32]} 14. Qd3
{[%clk 0:07:41]} Nh5 {[%clk 0:06:05]} 15. Nge2 {[%clk 0:07:22]} Qf6
{[%clk 0:05:44]} 16. Kb1 {[%clk 0:05:12]} b5 {[%clk 0:05:43]} 17. cxb5
{[%clk 0:04:16]} axb5 {[%clk 0:05:42]} 18. Nd4 {[%clk 0:03:13]} bxa4
{[%clk 0:05:23]} 19. Rd2 {[%clk 0:02:06]} Rb4 {[%clk 0:04:31]} 20. Nde2
{[%clk 0:01:02]} Reb8 {[%clk 0:03:48]} 21. g4 {[%clk 0:00:14]} Nf4
{[%clk 0:03:24]} 22. Nxf4 {[%clk 0:00:10]} Qxf4 {[%clk 0:03:25]} 23. Rhh2
{[%clk 0:00:09]} a3 {[%clk 0:02:43]} 24. b3 {[%clk 0:00:04]} Rxb3+
{[%clk 0:02:39]} 25. Kc1 {[%clk 0:00:04]} Rxc3+ {[%clk 0:02:36]} 26. Qxc3
{[%clk 0:00:03]} Bxc3 {[%clk 0:02:35]} 27. h5 {[%clk 0:00:03]} a2
{[%clk 0:02:29]} 28. Kc2 {[%clk 0:00:03]} Bxd2 {[%clk 0:02:25]} 29. Rxd2
{[%clk 0:00:03]} a1=Q {[%clk 0:02:23]} 30. hxg6 {[%clk 0:00:04]} Qb1+
{[%clk 0:02:20]} 31. Kc3 {[%clk 0:00:05]} Qb3+ {[%clk 0:02:16]} 32. Kd4
{[%clk 0:00:05]} Qe5# {[%clk 0:02:15]} 0-1

[Event "Open"]
[Site "Katowice"]
[Date "2025.06.01"]
[Round "6.27"]
[White "Lewtak, Damian"]
[Black "Ladanyi, Tibor"]
[Result "1-0"]
[BlackElo "2034"]
[WhiteElo "2244"]
[LiveChessVersion "1.4.4"]

1. e4 {[%clk 0:10:03]} c5 {[%clk 0:09:59]} 2. Nf3 {[%clk 0:10:04]} d6
{[%clk 0:09:58]} 3. Bb5+ {[%clk 0:10:04]} Nd7 {[%clk 0:09:57]} 4. O-O
{[%clk 0:10:04]} a6 {[%clk 0:09:55]} 5. Bxd7+ {[%clk 0:09:16]} Bxd7
{[%clk 0:09:50]} 6. d4 {[%clk 0:09:16]} cxd4 {[%clk 0:09:48]} 7. Qxd4
{[%clk 0:09:02]} Nf6 {[%clk 0:09:39]} 8. Bg5 {[%clk 0:08:28]} e5 {[%clk 0:09:36]}
9. Qd3 {[%clk 0:07:33]} Bb5 {[%clk 0:09:30]} 10. c4 {[%clk 0:07:34]} Bc6
{[%clk 0:09:28]} 11. Nc3 {[%clk 0:07:28]} Be7 {[%clk 0:09:21]} 12. Rfd1
{[%clk 0:07:22]} O-O {[%clk 0:09:04]} 13. Bxf6 {[%clk 0:07:09]} Bxf6
{[%clk 0:09:04]} 14. Qxd6 {[%clk 0:06:56]} Qb6 {[%clk 0:09:04]} 15. Nd5
{[%clk 0:06:44]} Bxd5 {[%clk 0:08:43]} 16. Qxb6 {[%clk 0:06:43]} Bxe4
{[%clk 0:08:40]} 17. Re1 {[%clk 0:06:01]} Bc6 {[%clk 0:08:20]} 18. Nxe5
{[%clk 0:05:54]} Bd8 {[%clk 0:08:19]} 19. Qc5 {[%clk 0:05:47]} Be8
{[%clk 0:08:13]} 20. Rad1 {[%clk 0:05:39]} f6 {[%clk 0:08:10]} 21. Nd7
{[%clk 0:05:36]} Bxd7 {[%clk 0:08:00]} 22. Rxd7 {[%clk 0:05:36]} b6
{[%clk 0:07:41]} 23. Qd5+ {[%clk 0:05:37]} Kh8 {[%clk 0:07:37]} 24. Qxa8
{[%clk 0:05:37]} 1-0

[Event "Open"]
[Site "Katowice"]
[Date "2025.06.01"]
[Round "6.28"]
[White "Bachor, Tomasz"]
[Black "Reza, Wojciech"]
[Result "0-1"]
[BlackElo "2243"]
[WhiteElo "2073"]
[LiveChessVersion "1.4.4"]

1. e4 {[%clk 0:10:03]} e5 {[%clk 0:10:03]} 2. Nf3 {[%clk 0:10:05]} Nc6
{[%clk 0:10:04]} 3. Bc4 {[%clk 0:10:06]} Nf6 {[%clk 0:10:05]} 4. Ng5
{[%clk 0:10:07]} d5 {[%clk 0:10:06]} 5. exd5 {[%clk 0:10:08]} Na5
{[%clk 0:10:08]} 6. Bb5+ {[%clk 0:10:09]} c6 {[%clk 0:10:09]} 7. dxc6
{[%clk 0:10:10]} bxc6 {[%clk 0:10:10]} 8. Qf3 {[%clk 0:10:11]} h6
{[%clk 0:09:22]} 9. Ne4 {[%clk 0:09:30]} Nd5 {[%clk 0:09:06]} 10. Ba4
{[%clk 0:08:52]} Be7 {[%clk 0:09:04]} 11. O-O {[%clk 0:08:20]} O-O
{[%clk 0:09:04]} 12. Nbc3 {[%clk 0:08:12]} Rb8 {[%clk 0:07:42]} 13. a3
{[%clk 0:07:38]} f5 {[%clk 0:07:11]} 14. Ng3 {[%clk 0:07:35]} e4 {[%clk 0:07:04]}
15. Qe2 {[%clk 0:06:09]} Nxc3 {[%clk 0:06:49]} 16. dxc3 {[%clk 0:05:55]} Be6
{[%clk 0:06:39]} 17. Rd1 {[%clk 0:05:20]} Qc7 {[%clk 0:06:15]} 18. b4
{[%clk 0:04:51]} Nb7 {[%clk 0:04:46]} 19. c4 {[%clk 0:04:25]} Bf6
{[%clk 0:04:37]} 20. Rb1 {[%clk 0:04:20]} c5 {[%clk 0:03:44]} 21. Bb3
{[%clk 0:03:08]} Be5 {[%clk 0:03:34]} 22. Bb2 {[%clk 0:03:01]} Rbe8
{[%clk 0:03:09]} 23. Bxe5 {[%clk 0:02:45]} Qxe5 {[%clk 0:03:10]} 24. Ba4
{[%clk 0:02:23]} Rd8 {[%clk 0:03:00]} 25. Bc6 {[%clk 0:02:22]} Nd6
{[%clk 0:02:30]} 26. Bd5 {[%clk 0:02:19]} Rc8 {[%clk 0:02:20]} 27. b5
{[%clk 0:02:15]} Rfd8 {[%clk 0:02:03]} 28. h3 {[%clk 0:02:13]} g6
{[%clk 0:01:34]} 29. Qd2 {[%clk 0:02:08]} Bxd5 {[%clk 0:01:00]} 30. Qxd5+
{[%clk 0:02:08]} Qxd5 {[%clk 0:01:01]} 31. Rxd5 {[%clk 0:02:08]} Nxc4
{[%clk 0:00:59]} 32. Rbd1 {[%clk 0:02:02]} Rxd5 {[%clk 0:00:44]} 33. Rxd5
{[%clk 0:02:03]} Nxa3 {[%clk 0:00:37]} 34. Rd6 {[%clk 0:02:01]} Kf7
{[%clk 0:00:30]} 35. Rd7+ {[%clk 0:01:56]} Kf6 {[%clk 0:00:31]} 36. Rxa7
{[%clk 0:01:53]} Nxb5 {[%clk 0:00:31]} 37. Ra6+ {[%clk 0:01:44]} Kg7
{[%clk 0:00:28]} 38. c4 {[%clk 0:01:27]} Nd4 {[%clk 0:00:29]} 39. Nf1
{[%clk 0:01:17]} f4 {[%clk 0:00:21]} 40. g3 {[%clk 0:01:18]} g5 {[%clk 0:00:21]}
41. Kg2 {[%clk 0:01:17]} Re8 {[%clk 0:00:11]} 42. Ra7+ {[%clk 0:01:10]} Kg6
{[%clk 0:00:09]} 43. Ra6+ {[%clk 0:01:11]} Re6 {[%clk 0:00:10]} 44. Ra5
{[%clk 0:01:12]} e3 {[%clk 0:00:07]} 45. fxe3 {[%clk 0:01:06]} fxe3
{[%clk 0:00:08]} 46. Nxe3 {[%clk 0:00:52]} Rxe3 {[%clk 0:00:09]} 47. Rxc5
{[%clk 0:00:53]} Re2+ {[%clk 0:00:10]} 48. Kf1 {[%clk 0:00:54]} Rc2
{[%clk 0:00:11]} 49. Ke1 {[%clk 0:00:49]} h5 {[%clk 0:00:09]} 50. Kd1
{[%clk 0:00:38]} Rc3 {[%clk 0:00:11]} 51. h4 {[%clk 0:00:11]} Rxg3
{[%clk 0:00:07]} 52. hxg5 {[%clk 0:00:12]} Rxg5 {[%clk 0:00:08]} 53. Rc8
{[%clk 0:00:12]} Kf5 {[%clk 0:00:08]} 54. c5 {[%clk 0:00:11]} Rg6
{[%clk 0:00:08]} 55. Kd2 {[%clk 0:00:12]} Kg4 {[%clk 0:00:09]} 56. Ke3
{[%clk 0:00:12]} Nc6 {[%clk 0:00:08]} 57. Ra8 {[%clk 0:00:12]} h4
{[%clk 0:00:08]} 58. Ra4+ {[%clk 0:00:13]} Kg3 {[%clk 0:00:09]} 59. Ke4
{[%clk 0:00:07]} h3 {[%clk 0:00:06]} 60. Ra3+ {[%clk 0:00:08]} Kg4
{[%clk 0:00:06]} 61. Ra2 {[%clk 0:00:09]} Re6+ {[%clk 0:00:06]} 62. Kd5
{[%clk 0:00:10]} Rf6 {[%clk 0:00:07]} 63. Ra4+ {[%clk 0:00:11]} Kg3
{[%clk 0:00:08]} 64. Ra3+ {[%clk 0:00:13]} Kh4 {[%clk 0:00:08]} 65. Ra4+
{[%clk 0:00:14]} Kg5 {[%clk 0:00:09]} 66. Ra2 {[%clk 0:00:14]} Rh6
{[%clk 0:00:09]} 67. Rh2 {[%clk 0:00:15]} Ne7+ {[%clk 0:00:08]} 68. Ke5
{[%clk 0:00:15]} Kg4 {[%clk 0:00:09]} 69. Ke4 {[%clk 0:00:14]} Kg3
{[%clk 0:00:10]} 70. Ra2 {[%clk 0:00:14]} h2 {[%clk 0:00:11]} 71. Ra3+
{[%clk 0:00:15]} Kg4 {[%clk 0:00:12]} 72. Ra1 {[%clk 0:00:06]} h1=Q+
{[%clk 0:00:12]} 73. Rxh1 {[%clk 0:00:07]} Rxh1 {[%clk 0:00:13]} 0-1

[Event "Open"]
[Site "Katowice"]
[Date "2025.06.01"]
[Round "6.29"]
[White "Mis, Mieszko"]
[Black "Zarnowski, Krzysztof"]
[Result "1-0"]
[BlackElo "2006"]
[WhiteElo "2239"]
[LiveChessVersion "1.4.4"]

1. c4 {[%clk 0:10:01]} e5 {[%clk 0:10:03]} 2. b3 {[%clk 0:10:02]} Nf6
{[%clk 0:10:04]} 3. Bb2 {[%clk 0:10:03]} d6 {[%clk 0:09:59]} 4. g3
{[%clk 0:10:03]} Be7 {[%clk 0:09:59]} 5. Bg2 {[%clk 0:10:03]} O-O
{[%clk 0:09:59]} 6. e3 {[%clk 0:10:03]} Re8 {[%clk 0:09:50]} 7. Ne2
{[%clk 0:10:03]} Bf8 {[%clk 0:09:42]} 8. O-O {[%clk 0:10:02]} c6 {[%clk 0:09:35]}
9. d4 {[%clk 0:10:02]} e4 {[%clk 0:08:47]} 10. Nbc3 {[%clk 0:09:14]} d5
{[%clk 0:08:44]} 11. cxd5 {[%clk 0:09:13]} cxd5 {[%clk 0:08:45]} 12. Rc1
{[%clk 0:09:07]} Nc6 {[%clk 0:08:45]} 13. a3 {[%clk 0:08:51]} Bg4
{[%clk 0:08:26]} 14. Qd2 {[%clk 0:08:44]} Qd7 {[%clk 0:07:50]} 15. b4
{[%clk 0:08:42]} a6 {[%clk 0:07:37]} 16. Na4 {[%clk 0:08:37]} Bxe2
{[%clk 0:06:49]} 17. Qxe2 {[%clk 0:08:24]} Nxd4 {[%clk 0:06:29]} 18. Qd1
{[%clk 0:08:03]} Ne2+ {[%clk 0:06:14]} 19. Qxe2 {[%clk 0:07:33]} Qxa4
{[%clk 0:06:13]} 20. Rc7 {[%clk 0:07:32]} Re7 {[%clk 0:04:49]} 21. Rfc1
{[%clk 0:07:27]} Qe8 {[%clk 0:02:37]} 22. Bxf6 {[%clk 0:07:18]} gxf6
{[%clk 0:02:37]} 23. Qg4+ {[%clk 0:07:19]} Kh8 {[%clk 0:01:32]} 24. Rc8
{[%clk 0:07:20]} f5 {[%clk 0:00:15]} 25. Qxf5 {[%clk 0:07:16]} Rxc8
{[%clk 0:00:09]} 26. Rxc8 {[%clk 0:07:11]} Qd7 {[%clk 0:00:08]} 27. Qf6+
{[%clk 0:06:49]} Kg8 {[%clk 0:00:09]} 28. Rxf8+ {[%clk 0:06:25]} Kxf8
{[%clk 0:00:10]} 29. Qh8# {[%clk 0:06:21]} 1-0

[Event "Open"]
[Site "Katowice"]
[Date "2025.06.01"]
[Round "6.30"]
[White "Karut, Kacper"]
[Black "Dobosiewicz, Dawid"]
[Result "1-0"]
[BlackElo "2228"]
[WhiteElo "2031"]
[LiveChessVersion "1.4.4"]

1. e4 {[%clk 0:10:03]} c5 {[%clk 0:10:04]} 2. Nf3 {[%clk 0:10:03]} Nc6
{[%clk 0:10:03]} 3. d4 {[%clk 0:10:04]} cxd4 {[%clk 0:10:04]} 4. Nxd4
{[%clk 0:10:04]} g6 {[%clk 0:10:06]} 5. Nc3 {[%clk 0:10:04]} Bg7 {[%clk 0:10:07]}
6. Be3 {[%clk 0:10:05]} Nf6 {[%clk 0:10:08]} 7. Be2 {[%clk 0:10:04]} O-O
{[%clk 0:10:07]} 8. O-O {[%clk 0:09:54]} d6 {[%clk 0:10:09]} 9. h3
{[%clk 0:09:53]} Bd7 {[%clk 0:10:08]} 10. Bf3 {[%clk 0:09:43]} Rc8
{[%clk 0:10:04]} 11. Nxc6 {[%clk 0:09:12]} bxc6 {[%clk 0:09:48]} 12. a4
{[%clk 0:08:32]} Qa5 {[%clk 0:09:35]} 13. Bd2 {[%clk 0:08:04]} Rb8
{[%clk 0:08:50]} 14. b4 {[%clk 0:07:36]} Qc7 {[%clk 0:08:28]} 15. Rb1
{[%clk 0:07:32]} Be6 {[%clk 0:08:19]} 16. Re1 {[%clk 0:07:22]} Nd7
{[%clk 0:08:19]} 17. Ne2 {[%clk 0:07:10]} Ne5 {[%clk 0:08:14]} 18. Nf4
{[%clk 0:06:43]} Bd7 {[%clk 0:07:53]} 19. Be2 {[%clk 0:06:31]} Rfc8
{[%clk 0:06:38]} 20. Nd3 {[%clk 0:06:26]} Nc4 {[%clk 0:06:03]} 21. Bf4
{[%clk 0:06:08]} Bc3 {[%clk 0:05:25]} 22. Nc5 {[%clk 0:05:42]} Bxe1
{[%clk 0:04:34]} 23. Qxe1 {[%clk 0:05:30]} Na3 {[%clk 0:02:05]} 24. Na6
{[%clk 0:05:07]} Qb7 {[%clk 0:01:45]} 25. Nxb8 {[%clk 0:05:07]} Rxb8
{[%clk 0:01:28]} 26. Rb2 {[%clk 0:04:41]} Be6 {[%clk 0:01:17]} 27. Qc3
{[%clk 0:04:22]} Nxc2 {[%clk 0:01:09]} 28. Qxc2 {[%clk 0:04:05]} Bd7
{[%clk 0:00:52]} 29. b5 {[%clk 0:03:38]} cxb5 {[%clk 0:00:50]} 30. Bxb5
{[%clk 0:03:37]} a6 {[%clk 0:00:50]} 31. Bxd7 {[%clk 0:02:54]} Qxb2
{[%clk 0:00:51]} 32. Qxb2 {[%clk 0:02:23]} Rxb2 {[%clk 0:00:52]} 33. e5
{[%clk 0:02:00]} d5 {[%clk 0:00:42]} 34. e6 {[%clk 0:02:00]} Rb4 {[%clk 0:00:24]}
35. Bd2 {[%clk 0:01:14]} Rb1+ {[%clk 0:00:07]} 36. Kh2 {[%clk 0:01:15]} Kf8
{[%clk 0:00:04]} 37. Be3 {[%clk 0:01:08]} fxe6 {[%clk 0:00:00]} 38. Bxe6 Rb4 39.
a5 d4 40. Bd2 1-0

[Event "Open"]
[Site "Katowice"]
[Date "2025.06.01"]
[Round "6.31"]
[White "Rychlik, Michal"]
[Black "Terkiewicz, Bruno"]
[Result "0-1"]
[BlackElo "2177"]
[WhiteElo "2002"]
[LiveChessVersion "1.4.4"]

1. e4 {[%clk 0:10:03]} c5 {[%clk 0:10:04]} 2. Nf3 {[%clk 0:10:03]} Nc6
{[%clk 0:10:06]} 3. d4 {[%clk 0:10:02]} cxd4 {[%clk 0:10:07]} 4. Nxd4
{[%clk 0:10:02]} g6 {[%clk 0:10:09]} 5. Nxc6 {[%clk 0:10:01]} bxc6
{[%clk 0:10:10]} 6. Nc3 {[%clk 0:10:01]} Bg7 {[%clk 0:10:11]} 7. Bc4
{[%clk 0:10:00]} d6 {[%clk 0:09:56]} 8. Qf3 {[%clk 0:09:57]} e6 {[%clk 0:09:42]}
9. O-O {[%clk 0:09:49]} Ne7 {[%clk 0:09:28]} 10. Bg5 {[%clk 0:09:44]} O-O
{[%clk 0:09:22]} 11. Rad1 {[%clk 0:09:31]} d5 {[%clk 0:09:14]} 12. exd5
{[%clk 0:09:29]} cxd5 {[%clk 0:09:12]} 13. Bb5 Bb7 {[%clk 0:08:30]} 14. Qe3
{[%clk 0:08:55]} d4 {[%clk 0:06:37]} 15. Qg3 {[%clk 0:08:33]} h6 {[%clk 0:06:21]}
16. Bxe7 {[%clk 0:08:21]} Qxe7 {[%clk 0:06:16]} 17. Ne2 {[%clk 0:08:22]} e5
{[%clk 0:06:00]} 18. Rfe1 {[%clk 0:08:19]} Qc5 {[%clk 0:05:25]} 19. Qb3
{[%clk 0:07:57]} Rab8 {[%clk 0:05:12]} 20. Qc4 {[%clk 0:07:50]} Qb6
{[%clk 0:04:56]} 21. c3 {[%clk 0:06:59]} Rfc8 {[%clk 0:04:02]} 22. Qa4
{[%clk 0:06:46]} Rc5 {[%clk 0:01:21]} 23. Bd7 {[%clk 0:06:25]} Rd5
{[%clk 0:01:01]} 24. c4 {[%clk 0:05:32]} Ra5 {[%clk 0:00:44]} 25. Qb3
{[%clk 0:05:23]} Qxb3 {[%clk 0:00:44]} 26. axb3 {[%clk 0:05:24]} Ra2
{[%clk 0:00:34]} 27. Ra1 {[%clk 0:05:22]} Rxb2 {[%clk 0:00:31]} 28. Rxa7
{[%clk 0:05:18]} d3 {[%clk 0:00:27]} 29. Nc3 {[%clk 0:05:13]} Rxb3
{[%clk 0:00:27]} 30. Nb5 {[%clk 0:05:12]} d2 {[%clk 0:00:25]} 31. Rd1
{[%clk 0:05:11]} Rb2 {[%clk 0:00:19]} 32. Kf1 {[%clk 0:04:52]} Be4
{[%clk 0:00:20]} 33. Ke2 {[%clk 0:04:44]} Bxg2 {[%clk 0:00:21]} 34. f3
{[%clk 0:04:43]} f5 {[%clk 0:00:11]} 35. c5 {[%clk 0:03:33]} R2xb5
{[%clk 0:00:08]} 36. Bxb5 {[%clk 0:03:33]} Rxb5 {[%clk 0:00:10]} 37. c6
{[%clk 0:03:33]} Rc5 {[%clk 0:00:07]} 38. c7 {[%clk 0:03:28]} e4 {[%clk 0:00:05]}
39. Ra8+ {[%clk 0:03:26]} Kh7 {[%clk 0:00:06]} 40. c8=Q {[%clk 0:03:24]} Rxc8
{[%clk 0:00:07]} 41. Rxc8 {[%clk 0:03:24]} Bxf3+ {[%clk 0:00:07]} 42. Kxd2
{[%clk 0:03:23]} Bxd1 {[%clk 0:00:08]} 43. Kxd1 {[%clk 0:03:24]} g5
{[%clk 0:00:09]} 44. Ke2 {[%clk 0:03:24]} Kg6 {[%clk 0:00:11]} 45. Ke3
{[%clk 0:03:17]} Be5 {[%clk 0:00:11]} 46. Rc6+ {[%clk 0:03:16]} Kh5
{[%clk 0:00:11]} 47. Re6 {[%clk 0:03:17]} Bf4+ {[%clk 0:00:10]} 48. Kf2
{[%clk 0:03:17]} Bxh2 {[%clk 0:00:10]} 49. Kg2 {[%clk 0:03:17]} Bf4
{[%clk 0:00:11]} 50. Kf2 {[%clk 0:03:17]} g4 {[%clk 0:00:12]} 51. Kg2
{[%clk 0:03:18]} Kg5 {[%clk 0:00:13]} 52. Re8 {[%clk 0:03:18]} h5
{[%clk 0:00:11]} 53. Rg8+ {[%clk 0:03:18]} Kf6 {[%clk 0:00:12]} 54. Rf8+
{[%clk 0:03:19]} Ke5 {[%clk 0:00:12]} 55. Rh8 {[%clk 0:03:17]} e3
{[%clk 0:00:08]} 56. Rxh5 {[%clk 0:03:15]} Ke4 {[%clk 0:00:06]} 57. Kf1
{[%clk 0:03:12]} Bg3 {[%clk 0:00:07]} 58. Ke2 {[%clk 0:03:10]} f4
{[%clk 0:00:07]} 59. Rg5 {[%clk 0:03:04]} f3+ 60. Kd1 {[%clk 0:02:58]} e2+
{[%clk 0:00:08]} 61. Kc2 {[%clk 0:03:00]} e1=Q {[%clk 0:00:09]} 62. Rxg4+
{[%clk 0:03:00]} Kf5 {[%clk 0:00:09]} 63. Rg8 {[%clk 0:02:58]} Qf2+
{[%clk 0:00:10]} 64. Kd3 {[%clk 0:02:55]} Qe2+ {[%clk 0:00:11]} 65. Kd4
{[%clk 0:02:56]} Qe5+ {[%clk 0:00:12]} 66. Kd3 {[%clk 0:02:56]} Qd5+
{[%clk 0:00:13]} 67. Kc3 {[%clk 0:02:57]} Qxg8 {[%clk 0:00:14]} 68. Kd3
{[%clk 0:02:58]} Qc8 {[%clk 0:00:14]} 69. Kd4 {[%clk 0:02:59]} Qd7+
{[%clk 0:00:14]} 70. Ke3 {[%clk 0:03:00]} Qa4 {[%clk 0:00:13]} 71. Kd2
{[%clk 0:03:00]} Ke4 {[%clk 0:00:13]} 72. Kc3 {[%clk 0:03:01]} Kd5
{[%clk 0:00:12]} 73. Kd2 {[%clk 0:03:02]} f2 {[%clk 0:00:13]} 74. Ke3
{[%clk 0:03:03]} f1=R 75. Kd2 {[%clk 0:03:04]} Qa2+ {[%clk 0:00:10]} 76. Ke3
{[%clk 0:03:04]} Rf3+ {[%clk 0:00:09]} 77. Kxf3 {[%clk 0:03:04]} Qf2+
{[%clk 0:00:10]} 78. Kg4 {[%clk 0:03:05]} Bc7 {[%clk 0:00:11]} 79. Kh5
{[%clk 0:03:06]} Qg3 {[%clk 0:00:11]} 80. Kh6 {[%clk 0:03:07]} Ke6
{[%clk 0:00:13]} 81. Kh5 {[%clk 0:03:08]} Kf6 {[%clk 0:00:14]} 82. Kh6
{[%clk 0:03:09]} Qh3# {[%clk 0:00:15]} 0-1